000 00691nam a2200277Ia 4500
005 20260324141054.0
008 008 260324s9999 xx 000 0 eng d
020 _a9781315050966
037 _aEBOOK
040 _aCRL
040 _beng
040 _cCRL
041 _2eng
041 _aeng
084 _qCRL
100 _aJeffrey Kurtzman; Anne Schnoebelen; Jeffrey Kurtzman
_91206819
245 0 _aVesper and Compline Music for Two Principal Voices
260 _bTaylor and Francis
260 _c1997
365 _a
365 _b160
856 _uhttp://www.taylorfrancis.com/books/9781315050966
942 _cEBOOK
999 _c1809517
_d1809517